Female Pop Artists By 2 Albums - Statistics

General Stats
  • This quiz has been taken 278 times
  • The average score is 12 of 15
Answer Stats
Albums Artists % Correct
Speak Now, Midnights Taylor Swift
96%
Sour, Guts Olivia Rodrigo
94%
Emails I Can't Send, Short 'N' Sweet Sabrina Carpenter
94%
Teenage Dream, Witness Katy Perry
89%
Dangerous Woman, Eternal Sunshine Ariana Grande
88%
Happier Than Ever, Hit Me Hard And Soft Billie Eilish
86%
Sucker, Brat Charli xcx
85%
Lemonade, Renaissance Beyonce
83%
21, 30 Adele
78%
Future Nostalgia, Radical Optimism Dua Lipa
78%
Born To Die, Ultraviolence Lana Del Rey
70%
Ctrl, SOS SZA
64%
Crybaby, Portals Melanie Martinez
63%
Bangerz, Endless Summer Vacation Miley Cyrus
55%
I Used To Think I Could Fly, Think Later Tate McRae
46%
No matching quizzes found
Score Distribution
Percent of People with Each Score
Percentile by Number Answered
Your Score History
You have not taken this quiz